00615 2200205 4500001002100000005001500021035002000036245006900056100001600125250001300141300003600154700006900190260003100259082001000290084001600300020002200316008003900338990001600377990001600393INLIS00000000000195820191017031407 a0010-10190001521 aMimi Lan Mintuna :bTrafiking Perempuan Indonesia /cRemy Sylado0 aRemy Sylado aCet.1.-- aiv + 292 hlm ;c13,5 cm x 20 cm0 aPerancang sampul Rully Susanto ; Penata letak Wendie Artswenda ; aJakarta :bGramedia,c2007 a808.6 a808.6 REM m a978-979-91-0061-0191017 | | |  a00000001687 a00000001687